000 00610nam a2200205Ia 4500
003 LDD
008 181029s9999 xx 000 0 und d
020 _a9780761957164
_c750.00
040 _cLDD
100 _aKendall, Gavin
245 0 _aUsing Foucault's methods
_cGavin Kendall
260 _aNew Delhi
_bSage
_c1999
300 _aix, 163p.
365 _b750.00
440 _aIntroducing qualitative methods
_vedited by David Silverman
901 _a10459
_b01-02-2013
902 _aIN1477
_b06-02-2013
_cF
_dSELECT
_e0
903 _aDiscount-15
_bReqst by : Avadesh Kumar Singh
942 _2ddc
_cBK
999 _c107481
_d107481